000 00452nam a2200181Ia 4500
001 21214
005 20260306172903.0
008 260306t2016||||xx |||||||||||||| ||spa||
041 _aESP
082 _a344.2
_bP84
100 _aPrado Saldarriaga, Víctor Roberto
_eAUT
245 0 _aCriminalidad organizada:
_bparte especial
260 _c2016
300 _a543 páginas :
_c25 cm.
650 _aGEN
654 _aCDE
942 _cLIB
_dJUS
_fJUS
_2ddc
_n
999 _c21214
_d21214